[Event "ODJM A 2014"]
[Site "Magdeburg GER"]
[Date "2014.06.09"]
[Round "3"]
[White "Berchtenbreiter, Maximilian"]
[Black "Meißner, Felix"]
[Result "1-0"]
[Termination "normal"]
[Board "1"]
[WhiteTitle "IM"]
[BlackTitle "FM"]
[WhiteElo "2396"]
[BlackElo "2254"]
[WhiteClock "01:38:30"]
[BlackClock "00:04:46"]
[PlyCount "107"]
[WhiteFideId "24641120"]
[BlackFideId "24671827"]
[EventCountry "GER"]
[EventRounds "9"]
[EventType "swiss"]
[EventDate "2014.06.07"]

1. e4 c5 2. Nf3 d6 3. d4 cxd4 4. Nxd4 Nf6 5. Nc3 a6 6. Be2 e5 7. Nb3 Be7 8. g4
h6 9. h4 Be6 10. Bf3 Nfd7 11. Be3 Nb6 12. Nd2 Nc6 13. Nd5 Bxd5 14. exd5 Nd4 15.
Be4 Nb5 16. a4 Na7 17. c3 Nd7 18. Nc4 Qc7 19. Qb3 Nc8 20. O-O-O Rb8 21. a5 Nc5
22. Qc2 b5 23. axb6 Nxb6 24. Nxb6 Rxb6 25. b4 Nxe4 26. Bxb6 Qxb6 27. Qxe4 Qxf2
28. Rd2 Qb6 29. Kc2 Qb5 30. Qd3 Qa4+ 31. Kb2 O-O 32. g5 f5 33. gxf6 Bxf6 34.
Ra1 Qd7 35. Qxa6 Bxh4 36. Qc6 Qe7 37. Ra8 Bg5 38. Rf2 Bf4 39. b5 Kh7 40. Rxf8
Qxf8 41. b6 Bc1+ 42. Kxc1 Qxf2 43. b7 Qe1+ 44. Kb2 Qd2+ 45. Kb3 Qd1+ 46. Kb4
Qb1+ 47. Ka5 Qb3 48. Qb5 Qxc3+ 49. Kb6 Qd4+ 50. Kc6 Qc3+ 51. Kd7 Qh3+ 52. Kc7
Qc3+ 53. Qc6 Qa5+ 54. Kc8 1-0

[Event "ODJM A 2014"]
[Site "Magdeburg GER"]
[Date "2014.06.09"]
[Round "3"]
[White "Kaplun, David"]
[Black "Gölz, Daniel"]
[Result "1-0"]
[Termination "normal"]
[Board "2"]
[WhiteElo "1800"]
[BlackElo "2225"]
[WhiteClock "00:13:53"]
[BlackClock "00:01:06"]
[PlyCount "123"]
[WhiteFideId "12901954"]
[BlackFideId "24626325"]
[EventCountry "GER"]
[EventRounds "9"]
[EventType "swiss"]
[EventDate "2014.06.07"]

1. d4 Nf6 2. c4 d6 3. Nc3 g6 4. e4 Bg7 5. f3 O-O 6. Be3 e5 7. d5 Ne8 8. Qd2 f5
9. Nge2 a5 10. O-O-O Na6 11. Kb1 Rf7 12. Nc1 Nf6 13. h3 fxe4 14. fxe4 Nh5 15.
N1e2 Qf8 16. g3 Bd7 17. Bg2 Qe7 18. Rdf1 Raf8 19. Rxf7 Rxf7 20. Qe1 Qf8 21. Rf1
Bh6 22. Rxf7 Kxf7 23. Qf2+ Nf6 24. g4 Bxe3 25. Qxe3 Nc5 26. Ng3 h6 27. g5 hxg5
28. Qxg5 Nh7 29. Qe3 Kg7 30. Nge2 Qf6 31. Qg3 Kh6 32. h4 g5 33. hxg5+ Qxg5 34.
Qxg5+ Kxg5 35. Kc2 Nf6 36. Kd2 Be8 37. Ke3 Ng4+ 38. Kd2 Nf6 39. Ke3 Ng4+ 40.
Kd2 Kh4 41. Nd1 Bg6 42. Ndc3 c6 43. Bf3 Nh2 44. Bg2 Kg4 45. Ke3 Bh7 46. Nd1 Kh4
47. Ndc3 a4 48. Kd2 Bg6 49. Ke3 Be8 50. Nb1 Bh5 51. Nbc3 Ng4+ 52. Kd2 Nf2 53.
Ke3 Bxe2 54. Nxe2 Nd1+ 55. Kd2 Nxb2 56. Kc3 Nbd3 57. dxc6 bxc6 58. Bf3 Ne1 59.
Bh1 Kg4 60. Kb4 Kh3 61. Ka5 Kh2 62. Kb6 1-0

[Event "ODJM A 2014"]
[Site "Magdeburg GER"]
[Date "2014.06.09"]
[Round "3"]
[White "Wenninger, Philipp"]
[Black "Balazs, Balint"]
[Result "1-0"]
[Termination "normal"]
[Board "3"]
[WhiteElo "2251"]
[BlackElo "1846"]
[WhiteClock "00:03:04"]
[BlackClock "00:47:04"]
[PlyCount "75"]
[WhiteFideId "4648404"]
[BlackFideId "12922757"]
[EventCountry "GER"]
[EventRounds "9"]
[EventType "swiss"]
[EventDate "2014.06.07"]

1. d4 d5 2. c4 e6 3. Nc3 c6 4. Nf3 dxc4 5. e3 b5 6. a4 Bb4 7. Bd2 a5 8. axb5
Bxc3 9. Bxc3 cxb5 10. b3 Bb7 11. bxc4 b4 12. Bb2 Nf6 13. Bd3 O-O 14. O-O Nbd7
15. Re1 Ne4 16. Nd2 f5 17. f3 Nxd2 18. Qxd2 Qg5 19. Rf1 Rfb8 20. Rf2 a4 21.
Qxb4 Bxf3 22. Qd2 Bc6 23. d5 exd5 24. Bxf5 Nb6 25. Qd4 Nxc4 26. h4 Qe7 27. Be6+
Kh8 28. Rf7 Qxf7 29. Bxf7 Rxb2 30. Bxd5 Rd8 31. e4 Bxd5 32. exd5 Rb4 33. Qc5
Rdb8 34. Rc1 Rb1 35. Qxc4 a3 36. Rxb1 Rxb1+ 37. Kh2 g6 38. Qc3+ 1-0

[Event "ODJM A 2014"]
[Site "Magdeburg GER"]
[Date "2014.06.09"]
[Round "3"]
[White "Rietze, Clemens"]
[Black "Hirtreiter, Pierre"]
[Result "1-0"]
[Termination "normal"]
[Board "4"]
[WhiteTitle "FM"]
[WhiteElo "2288"]
[BlackElo "1810"]
[WhiteClock "00:11:01"]
[BlackClock "00:12:52"]
[PlyCount "57"]
[WhiteFideId "24620351"]
[BlackFideId "12966312"]
[EventCountry "GER"]
[EventRounds "9"]
[EventType "swiss"]
[EventDate "2014.06.07"]

1. d4 Nf6 2. c4 c5 3. d5 b5 4. cxb5 a6 5. bxa6 g6 6. Nc3 Bg7 7. e4 d6 8. Bb5+
Nbd7 9. Qe2 O-O 10. Nf3 Ne8 11. O-O Nc7 12. a4 Bxa6 13. Bxa6 Nxa6 14. Bd2 Nb4
15. Rac1 Nb6 16. b3 e6 17. dxe6 fxe6 18. Nb5 Nc6 19. Rfd1 Nc8 20. Bc3 e5 21.
Qc4+ Kh8 22. Qd5 Qb6 23. Ng5 N8e7 24. Qc4 Nd4 25. Bxd4 exd4 26. Qe6 Bf6 27.
Nxd6 Rab8 28. Ngf7+ Kg7 29. e5 1-0

[Event "ODJM A 2014"]
[Site "Magdeburg GER"]
[Date "2014.06.09"]
[Round "3"]
[White "Wastian, Jan"]
[Black "Cremer, Jan Paul"]
[Result "0-1"]
[Termination "normal"]
[Board "5"]
[WhiteElo "1647"]
[BlackElo "2211"]
[WhiteClock "00:20:18"]
[BlackClock "00:23:52"]
[PlyCount "47"]
[WhiteFideId "12911640"]
[BlackFideId "24686115"]
[EventCountry "GER"]
[EventRounds "9"]
[EventType "swiss"]
[EventDate "2014.06.07"]

1. e4 c5 2. c3 d5 3. exd5 Qxd5 4. d4 g6 5. Nf3 Bg7 6. Na3 cxd4 7. Bc4 Qe4+ 8.
Be3 Nh6 9. Nb5 O-O 10. cxd4 Nc6 11. O-O Rd8 12. h3 Qf5 13. Qd2 Qh5 14. Be2 Bxh3
15. Ng5 Bg4 16. f3 Bc8 17. Rfd1 a6 18. Nc7 Rb8 19. d5 Nd4 20. Ne4 Nxe2+ 21.
Qxe2 Be5 22. g4 Nxg4 23. fxg4 Bxg4 24. Qf2 0-1

[Event "ODJM A 2014"]
[Site "Magdeburg GER"]
[Date "2014.06.09"]
[Round "3"]
[White "Carow, Annelen"]
[Black "Lüßmann, Thomas"]
[Result "1/2-1/2"]
[Termination "normal"]
[Board "6"]
[WhiteElo "2044"]
[BlackElo "1893"]
[WhiteClock "00:00:52"]
[BlackClock "00:30:27"]
[PlyCount "108"]
[WhiteFideId "24692492"]
[BlackFideId "1270602"]
[EventCountry "GER"]
[EventRounds "9"]
[EventType "swiss"]
[EventDate "2014.06.07"]

1. d4 e6 2. c4 Nf6 3. Nc3 d5 4. cxd5 exd5 5. Bg5 Be7 6. Qc2 c6 7. e3 Nbd7 8.
Bd3 O-O 9. Nf3 Re8 10. O-O-O Nf8 11. Rdg1 Ne4 12. Bxe7 Qxe7 13. Bxe4 dxe4 14.
Nd2 c5 15. Qxe4 Qd8 16. Qd3 b5 17. Qxb5 cxd4 18. exd4 Be6 19. d5 Rb8 20. Qd3
Ng6 21. Re1 Nf4 22. Qf3 Nxd5 23. Nxd5 Qxd5 24. Qxd5 Bxd5 25. f3 Red8 26. b3 Kf8
27. Re2 a5 28. Kb2 a4 29. Rc1 Be6 30. Rc3 axb3 31. axb3 Rd4 32. Ne4 Rbd8 33.
Nc5 Bf5 34. Rce3 h5 35. Kc3 Rd1 36. Re1 g6 37. b4 R1d6 38. Re5 Kg7 39. Re8 Rxe8
40. Rxe8 Rd1 41. Re2 h4 42. g4 Bc8 43. b5 h3 44. b6 Rb1 45. Nb3 Rf1 46. Nd4 Bb7
47. Rb2 Kf6 48. Kd3 Ke5 49. Ke3 Re1+ 50. Ne2 Rf1 51. Nd4 Re1+ 52. Re2 Rb1 53.
Rc2 Rxb6 54. Ne2 g5 1/2-1/2

[Event "ODJM A 2014"]
[Site "Magdeburg GER"]
[Date "2014.06.09"]
[Round "3"]
[White "Reisberg, Andre"]
[Black "Biefel, Christian"]
[Result "1-0"]
[Termination "normal"]
[Board "7"]
[WhiteElo "1989"]
[BlackElo "1774"]
[PlyCount "103"]
[WhiteFideId "1270630"]
[BlackFideId "24692646"]
[EventCountry "GER"]
[EventRounds "9"]
[EventType "swiss"]
[EventDate "2014.06.07"]

1. d4 Nf6 2. c4 g6 3. Nc3 Bg7 4. e4 d6 5. Nf3 O-O 6. Be2 e5 7. O-O Nc6 8. d5
Ne7 9. Ne1 Nd7 10. Be3 f5 11. f3 f4 12. Bf2 g5 13. Rc1 Ng6 14. c5 Nxc5 15. b4
Na6 16. a4 Rf7 17. Nb5 Bd7 18. Nxa7 Bf8 19. Qc2 Nxb4 20. Qb3 Na6 21. Qxb7 Nc5
22. Bxc5 dxc5 23. d6 Be6 24. Nc6 Qc8 25. Qxc8 Rxc8 26. Rxc5 cxd6 27. Rc2 Rfc7
28. Bb5 d5 29. Nd3 dxe4 30. fxe4 Ra8 31. Nc5 Bd7 32. Nxd7 Rxd7 33. a5 Rc7 34.
a6 Ne7 35. Rfc1 Nc8 36. Nxe5 Rxc2 37. Rxc2 Na7 38. Bd7 Bd6 39. Nf3 h6 40. e5
Bb4 41. h3 Ba5 42. Kf1 Rd8 43. e6 Kf8 44. Ne5 Ke7 45. Ng6+ Kf6 46. e7 Kxg6 47.
exd8=Q Bxd8 48. Rb2 Be7 49. Rb6+ Bf6 50. Ke2 Kg7 51. Kd3 g4 52. Bxg4 1-0

[Event "ODJM A 2014"]
[Site "Magdeburg GER"]
[Date "2014.06.09"]
[Round "3"]
[White "Nahnsen, Kenneth"]
[Black "Stein, Daniel"]
[Result "0-1"]
[Termination "normal"]
[Board "8"]
[WhiteElo "1729"]
[BlackElo "1969"]
[PlyCount "48"]
[WhiteFideId "12957119"]
[BlackFideId "12939307"]
[EventCountry "GER"]
[EventRounds "9"]
[EventType "swiss"]
[EventDate "2014.06.07"]

1. e4 e5 2. Nf3 Nf6 3. d4 Nxe4 4. Bd3 d5 5. Nxe5 Bd6 6. O-O O-O 7. c4 c6 8.
Bxe4 dxe4 9. Nc3 f6 10. Ng4 f5 11. c5 Bc7 12. Ne3 b6 13. Qb3+ Kh8 14. cxb6 axb6
15. d5 Qh4 16. g3 Qh3 17. Ng2 Nd7 18. Nf4 Bxf4 19. Bxf4 Ba6 20. Rfe1 Nf6 21. f3
exf3 22. Kf2 Qg2+ 23. Ke3 Rfe8+ 24. Kd4 c5# 0-1

[Event "ODJM A 2014"]
[Site "Magdeburg GER"]
[Date "2014.06.09"]
[Round "3"]
[White "Giraud, Valerian"]
[Black "Heldt, Ronny"]
[Result "1-0"]
[Termination "normal"]
[Board "9"]
[WhiteElo "2004"]
[BlackElo "1802"]
[PlyCount "96"]
[WhiteFideId "12920355"]
[BlackFideId "12903973"]
[EventCountry "GER"]
[EventRounds "9"]
[EventType "swiss"]
[EventDate "2014.06.07"]

1. Nf3 e6 2. e3 b6 3. b3 f5 4. Bb2 Nf6 5. Be2 Bb7 6. O-O Be7 7. c4 O-O 8. Nc3
a5 9. d4 Na6 10. a3 Ne4 11. Nxe4 Bxe4 12. Nd2 Bb7 13. Qc2 c5 14. d5 exd5 15.
Bf3 Bf6 16. cxd5 d6 17. Rfe1 Nc7 18. Rad1 b5 19. e4 fxe4 20. Bxe4 Bxb2 21. Qxb2
Bxd5 22. Bxd5+ Nxd5 23. Ne4 Nf4 24. Rxd6 Qc8 25. Red1 Qg4 26. f3 Nh3+ 27. Kh1
Rxf3 28. gxf3 Qxf3+ 29. Qg2 Qxe4 30. Qxe4 Nf2+ 31. Kg2 Nxe4 32. Rd8+ Rxd8 33.
Rxd8+ Kf7 34. Ra8 Nd6 35. Rxa5 c4 36. Ra6 Ke7 37. bxc4 Nxc4 38. Kf3 h6 39. Ke4
g5 40. Kf5 Kf7 41. Ra7+ Kf8 42. Kg6 Ne5+ 43. Kxh6 Ng4+ 44. Kxg5 Nxh2 45. Kf6
Ng4+ 46. Ke6 Ne3 47. Ra8+ Kg7 48. Kd6 Nc2 1-0

[Event "ODJM A 2014"]
[Site "Magdeburg GER"]
[Date "2014.06.09"]
[Round "3"]
[White "Heldt, Nils-Lennart"]
[Black "Bart, Simon"]
[Result "0-1"]
[Termination "normal"]
[Board "10"]
[WhiteElo "1593"]
[BlackElo "2027"]
[PlyCount "70"]
[WhiteFideId "12952109"]
[BlackFideId "24637327"]
[EventCountry "GER"]
[EventRounds "9"]
[EventType "swiss"]
[EventDate "2014.06.07"]

1. e4 c5 2. Nf3 e6 3. d4 cxd4 4. Nxd4 a6 5. c4 Qc7 6. Nc3 Nf6 7. Bd3 Nc6 8.
Nxc6 bxc6 9. O-O Be7 10. Qe2 Bb7 11. e5 Ng8 12. Bd2 h5 13. Rae1 d6 14. Bf4 Nh6
15. exd6 Bxd6 16. Bxd6 Qxd6 17. Ne4 Qc7 18. c5 Nf5 19. Rd1 h4 20. Bc4 Qf4 21.
Nd6+ Nxd6 22. Rxd6 O-O 23. Rfd1 a5 24. Qd3 Qe5 25. Qd4 Qg5 26. f4 Qg4 27. Rd2
h3 28. Kh1 Rae8 29. Qc3 Qxf4 30. R6d4 Qe5 31. gxh3 Qxc5 32. Rg4 g6 33. Rxg6+
fxg6 34. Rg2 Qf5 35. Qc1 c5 0-1

[Event "ODJM A 2014"]
[Site "Magdeburg GER"]
[Date "2014.06.09"]
[Round "3"]
[White "Pohl, Steffen"]
[Black "Doberitz, Paul"]
[Result "0-1"]
[Termination "normal"]
[Board "11"]
[WhiteElo "1712"]
[BlackElo "2211"]
[PlyCount "52"]
[WhiteFideId "12987824"]
[BlackFideId "24646130"]
[EventCountry "GER"]
[EventRounds "9"]
[EventType "swiss"]
[EventDate "2014.06.07"]

1. e4 d6 2. d4 Nf6 3. Nd2 g6 4. h3 Bg7 5. Ngf3 O-O 6. Bd3 Nc6 7. c3 e5 8. d5
Ne7 9. O-O Nh5 10. Nh2 f5 11. exf5 Nf4 12. fxg6 Nxd3 13. gxh7+ Kxh7 14. Ne4
Nxc1 15. Qh5+ Kg8 16. Ng5 Ne2+ 17. Kh1 Bf5 18. Ng4 Qe8 19. Nh6+ Bxh6 20. Qxh6
Qg6 21. Qh4 Nf4 22. g3 Nfxd5 23. f4 Be4+ 24. Kh2 Nf5 25. Qg4 Nfe3 26. Qe2 Bd3
0-1

[Event "ODJM A 2014"]
[Site "Magdeburg GER"]
[Date "2014.06.09"]
[Round "3"]
[White "Schmidt, Daniel"]
[Black "Zeller, Elisa"]
[Result "1/2-1/2"]
[Termination "normal"]
[Board "12"]
[WhiteElo "1775"]
[BlackElo "1921"]
[PlyCount "63"]
[WhiteFideId "12957950"]
[BlackFideId "24662410"]
[EventCountry "GER"]
[EventRounds "9"]
[EventType "swiss"]
[EventDate "2014.06.07"]

1. c4 Nf6 2. d4 e6 3. Nc3 Bb4 4. Nf3 d5 5. Bd2 O-O 6. e3 Nbd7 7. cxd5 exd5 8.
Bd3 c6 9. O-O Re8 10. Qc2 Bd6 11. Rac1 h6 12. Rfd1 Nf8 13. e4 dxe4 14. Nxe4
Nxe4 15. Bxe4 Be6 16. Bc3 Rc8 17. b3 Qd7 18. Qd2 Qc7 19. Qd3 Ba3 20. Rc2 Bd5
21. Bxd5 cxd5 22. Ne1 Ng6 23. Qd2 Nf4 24. Ba5 Rxe1+ 25. Rxe1 Qxc2 26. Re8+ Kh7
27. Rxc8 Qxc8 28. Qxf4 Bd6 29. Qd2 b6 30. Bc3 Qf5 31. Qd1 Qe4 32. g3 1/2-1/2

[Event "ODJM A 2014"]
[Site "Magdeburg GER"]
[Date "2014.06.09"]
[Round "3"]
[White "Teichert, Felix"]
[Black "van Klev, Fabian"]
[Result "0-1"]
[Termination "normal"]
[Board "15"]
[WhiteElo "1686"]
[BlackElo "1880"]
[PlyCount "86"]
[WhiteFideId "12987670"]
[BlackFideId "12964255"]
[EventCountry "GER"]
[EventRounds "9"]
[EventType "swiss"]
[EventDate "2014.06.07"]

1. e4 c5 2. Nf3 Nc6 3. d4 cxd4 4. Nxd4 Nf6 5. Nc3 e5 6. Ndb5 d6 7. Bg5 a6 8.
Bxf6 gxf6 9. Na3 b5 10. Nd5 f5 11. Bd3 Be6 12. O-O f4 13. c4 b4 14. Nc2 a5 15.
Qh5 Rg8 16. Qxh7 Rg6 17. Nxf4 exf4 18. e5 Rh6 19. Qe4 d5 20. Qxf4 Qh4 21. Qxh4
Rxh4 22. cxd5 Bxd5 23. Bb5 O-O-O 24. Ne3 Nd4 25. Rac1+ Kb8 26. Ba6 Bb7 27. Bc4
Bh6 28. Rfe1 Ne6 29. g3 Bxe3 30. gxh4 Bxc1 31. Rxc1 Nd4 32. Kf1 Nf3 33. Bxf7
Nxe5 34. Bb3 Rh8 35. Rc5 Nf3 36. Bd5 Rh5 37. Rxa5 Rxd5 38. Ra4 Rd4 39. b3 Bc6
40. Ra5 Nxh4 41. a3 Bf3 42. Rb5+ Ka7 43. Re5 Rd1+ 0-1

[Event "ODJM A 2014"]
[Site "Magdeburg GER"]
[Date "2014.06.09"]
[Round "3"]
[White "Denkert, Robert"]
[Black "Wieber, Dominik"]
[Result "0-1"]
[Termination "normal"]
[Board "16"]
[WhiteElo "1731"]
[BlackElo "1845"]
[PlyCount "94"]
[WhiteFideId "12957216"]
[BlackFideId "24699012"]
[EventCountry "GER"]
[EventRounds "9"]
[EventType "swiss"]
[EventDate "2014.06.07"]

1. e4 e5 2. Nf3 Nc6 3. Bc4 Bc5 4. c3 Nf6 5. d3 d6 6. a4 a6 7. Nbd2 Be6 8. Ba2
O-O 9. O-O Ne7 10. Re1 Ng6 11. Nf1 Bxa2 12. Rxa2 Re8 13. Be3 Bxe3 14. Nxe3 d5
15. exd5 Nxd5 16. Ra1 Nxe3 17. Rxe3 Qd5 18. d4 Rad8 19. Re1 e4 20. Nd2 Nf4 21.
Qg4 Nd3 22. Nxe4 Kh8 23. Re3 f5 24. c4 Qxe4 25. Rxe4 fxg4 26. Rxg4 Nxb2 27. c5
Nxa4 28. f3 Nc3 29. Kf1 Nb5 30. Rb1 c6 31. Rb4 Rd5 32. Kf2 Kg8 33. Rf4 g5 34.
Rg4 Kf7 35. h4 h6 36. hxg5 hxg5 37. f4 Rf5 38. Kf3 gxf4 39. Rxf4 Kf6 40. Kg4
Rg8+ 41. Kf3 Rxf4+ 42. Kxf4 Rxg2 43. Ke4 Rg4+ 44. Kd3 Kf5 45. Ke3 Rg3+ 46. Ke2
Ke6 47. Kf2 Rd3 0-1

[Event "ODJM A 2014"]
[Site "Magdeburg GER"]
[Date "2014.06.09"]
[Round "3"]
[White "Laubrock, Paul"]
[Black "Wagner, Swenja"]
[Result "1-0"]
[Termination "normal"]
[Board "18"]
[WhiteElo "1779"]
[BlackElo "1417"]
[PlyCount "95"]
[WhiteFideId "1270509"]
[BlackFideId "12900494"]
[EventCountry "GER"]
[EventRounds "9"]
[EventType "swiss"]
[EventDate "2014.06.07"]

1. d4 d5 2. Nc3 Nf6 3. Bf4 a6 4. f3 e6 5. Qd2 Bb4 6. e3 Nbd7 7. Nge2 Ba5 8. g4
b5 9. a3 Bb6 10. h4 Bb7 11. h5 h6 12. Bg2 Nh7 13. Bg3 c5 14. Bh4 f6 15. Nf4
Nhf8 16. Rf1 Qe7 17. O-O-O Nb8 18. dxc5 Qxc5 19. Bf2 Nc6 20. Nce2 b4 21. e4 Qb5
22. Bxb6 Qxb6 23. exd5 bxa3 24. bxa3 Ne5 25. Nxe6 Nxe6 26. dxe6 Rb8 27. Qd6
Qxd6 28. Rxd6 Ke7 29. Rfd1 Rhd8 30. Rxd8 Rxd8 31. Rxd8 Kxd8 32. Nd4 Ke7 33. Kb2
Bd5 34. Nf5+ Kxe6 35. Nxg7+ Kf7 36. Nf5 Be6 37. Nxh6+ Kg7 38. Nf5+ Bxf5 39.
gxf5 Kh6 40. f4 Nc4+ 41. Kb3 Ne3 42. Bf3 Nxf5 43. Kc4 Ng7 44. Kd5 Nxh5 45. Bxh5
Kxh5 46. Ke6 Kg4 47. f5 Kg5 48. c4 1-0

[Event "ODJM A 2014"]
[Site "Magdeburg GER"]
[Date "2014.06.09"]
[Round "3"]
[White "Dathe, Frederick"]
[Black "Maar, Samuel"]
[Result "1/2-1/2"]
[Termination "normal"]
[Board "20"]
[WhiteElo "1576"]
[BlackElo "1765"]
[PlyCount "71"]
[WhiteFideId "12963070"]
[BlackFideId "12952591"]
[EventCountry "GER"]
[EventRounds "9"]
[EventType "swiss"]
[EventDate "2014.06.07"]

1. d4 d5 2. c4 e6 3. Nc3 Nf6 4. cxd5 exd5 5. Bg5 Be7 6. Nf3 O-O 7. e3 c6 8. Bd3
Re8 9. O-O Bg4 10. Rc1 Ne4 11. Bxe7 Qxe7 12. Qc2 Bxf3 13. gxf3 Ng5 14. Kg2 Qe6
15. Bf5 Qh6 16. f4 Ne6 17. Rg1 Na6 18. a3 Nac7 19. b4 Nf8 20. Kh1 Re7 21. Qd3
Nce6 22. b5 g6 23. bxc6 bxc6 24. Qa6 Rd8 25. Bxe6 Nxe6 26. Qxc6 Rc7 27. Qb5 Qh5
28. Qe2 Qxe2 29. Nxe2 Rdc8 30. Rxc7 Rxc7 31. Rc1 Kf8 32. Rxc7 Nxc7 33. Kg2 Ke7
34. f3 f5 35. Nc3 a6 36. Kf2 1/2-1/2

[Event "ODJM A 2014"]
[Site "Magdeburg GER"]
[Date "2014.06.09"]
[Round "3"]
[White "Cejda, Moritz"]
[Black "Thumm, Felix"]
[Result "1/2-1/2"]
[Termination "normal"]
[Board "21"]
[WhiteElo "1438"]
[BlackElo "1755"]
[PlyCount "41"]
[WhiteFideId "12925152"]
[BlackFideId "12902209"]
[EventCountry "GER"]
[EventRounds "9"]
[EventType "swiss"]
[EventDate "2014.06.07"]

1. e4 c5 2. c3 Nc6 3. Nf3 e6 4. d4 cxd4 5. cxd4 d5 6. e5 Bd7 7. a3 Qb6 8. Nc3
Rc8 9. Be2 Nge7 10. Na4 Qc7 11. Bg5 h6 12. Bf4 Nf5 13. g4 Nfe7 14. Rc1 Ng6 15.
Be3 Be7 16. h4 h5 17. g5 Nf8 18. Nd2 g6 19. b4 Qb8 20. Nc5 a6 21. Ndb3 1/2-1/2

[Event "ODJM A 2014"]
[Site "Magdeburg GER"]
[Date "2014.06.09"]
[Round "3"]
[White "Usczeck, Alina"]
[Black "Borchert, Louis"]
[Result "0-1"]
[Termination "normal"]
[Board "22"]
[WhiteElo "1566"]
[BlackElo "1869"]
[PlyCount "80"]
[WhiteFideId "12938114"]
[BlackFideId "12990680"]
[EventCountry "GER"]
[EventRounds "9"]
[EventType "swiss"]
[EventDate "2014.06.07"]

1. e4 e5 2. Nf3 Nc6 3. d4 exd4 4. Nxd4 Nf6 5. Nc3 Bb4 6. Nxc6 bxc6 7. Bd3 d5 8.
exd5 cxd5 9. O-O Bxc3 10. bxc3 O-O 11. Ba3 Re8 12. Re1 Bg4 13. Qd2 Qd7 14. Qf4
Bh5 15. Qd4 Bg6 16. Rxe8+ Qxe8 17. Kf1 Be4 18. f3 Bxd3+ 19. cxd3 Qb5 20. c4 Qa5
21. Qb2 Re8 22. Qb4 Qa6 23. Re1 Rxe1+ 24. Kxe1 Qe6+ 25. Kf1 h6 26. Qb8+ Kh7 27.
Qxc7 Qe3 28. Qc5 Qxd3+ 29. Kf2 dxc4 30. Qe3 Qc2+ 31. Qe2 Qa4 32. Qb2 Qc6 33.
Qc2+ g6 34. Bb2 Qc5+ 35. Kf1 Nd5 36. Qe2 c3 37. Bc1 Nb4 38. Ba3 c2 39. Qd2 Qc4+
40. Kg1 Nxa2 0-1

[Event "ODJM A 2014"]
[Site "Magdeburg GER"]
[Date "2014.06.09"]
[Round "3"]
[White "Hesse, Henrik"]
[Black "Lengler, Tim"]
[Result "1-0"]
[Termination "normal"]
[Board "23"]
[WhiteElo "1645"]
[BlackElo "1573"]
[PlyCount "61"]
[WhiteFideId "12952060"]
[BlackFideId "12936197"]
[EventCountry "GER"]
[EventRounds "9"]
[EventType "swiss"]
[EventDate "2014.06.07"]

1. c4 c5 2. Nc3 Nc6 3. e3 Nf6 4. d4 cxd4 5. exd4 d5 6. Nf3 Bg4 7. Be3 dxc4 8.
Bxc4 e6 9. h3 Bh5 10. g4 Bg6 11. Ne5 Bb4 12. Nxc6 bxc6 13. Qa4 Be4 14. Rf1 Qd6
15. Ke2 Bg2 16. Rg1 Bxh3 17. g5 Nd7 18. Ne4 Qe7 19. a3 Nb6 20. Qxc6+ Kd8 21.
axb4 Rc8 22. Qd6+ Qxd6 23. Nxd6 Rc7 24. Bd3 Ke7 25. Nb5 Rd7 26. Rxa7 Nd5 27.
Rxd7+ Kxd7 28. Ra1 Nxb4 29. Ra7+ Kc6 30. Rc7+ Kd5 31. Rc5# 1-0

[Event "ODJM A 2014"]
[Site "Magdeburg GER"]
[Date "2014.06.09"]
[Round "3"]
[White "Reitz, Philipp"]
[Black "Hinrichs, Niklas"]
[Result "1/2-1/2"]
[Termination "normal"]
[Board "24"]
[WhiteElo "1522"]
[BlackElo "1711"]
[PlyCount "45"]
[WhiteFideId "12973297"]
[BlackFideId "12942499"]
[EventCountry "GER"]
[EventRounds "9"]
[EventType "swiss"]
[EventDate "2014.06.07"]

1. d4 d5 2. c4 c6 3. Nc3 e6 4. Nf3 Nf6 5. Bg5 h6 6. Bf4 Nbd7 7. e3 Be7 8. Bd3
dxc4 9. Bxc4 b5 10. Bd3 Bb7 11. a3 a6 12. b4 O-O 13. O-O Nd5 14. Nxd5 cxd5 15.
Rc1 Rc8 16. Rxc8 Qxc8 17. Qc1 Nb6 18. Nd2 Qxc1 19. Rxc1 Nc4 20. Nb3 Bd8 21. Nc5
Bc8 22. Bxc4 dxc4 23. Bd6 1/2-1/2

[Event "ODJM A 2014"]
[Site "Magdeburg GER"]
[Date "2014.06.09"]
[Round "3"]
[White "Peters, Florian"]
[Black "Langer, Moritz"]
[Result "1-0"]
[Termination "normal"]
[Board "25"]
[WhiteElo "1755"]
[BlackElo "1470"]
[PlyCount "91"]
[WhiteFideId "12952028"]
[BlackFideId "12975281"]
[EventCountry "GER"]
[EventRounds "9"]
[EventType "swiss"]
[EventDate "2014.06.07"]

1. Nf3 d5 2. c4 e6 3. b3 Nc6 4. g3 Nf6 5. Bg2 g6 6. O-O Bg7 7. Bb2 O-O 8. d3
Re8 9. Qd2 Nb8 10. Nc3 c6 11. Rfe1 a6 12. e4 b5 13. exd5 exd5 14. Rxe8+ Qxe8
15. Re1 Qd8 16. Ne5 Bb7 17. cxd5 cxd5 18. d4 Nbd7 19. f4 Nb6 20. Qf2 Qd6 21.
Nd1 Rc8 22. Ne3 a5 23. f5 a4 24. fxg6 fxg6 25. Rf1 Rf8 26. Qe2 Ba6 27. N3g4
Nbd7 28. Nxd7 Nxd7 29. Rxf8+ Nxf8 30. Qf3 Bb7 31. bxa4 bxa4 32. Ne5 Qc7 33. Ba3
Ne6 34. Bd6 Qxd6 35. Qf7+ Kh8 36. Qe8+ Qf8 37. Qxe6 Bxe5 38. Qxe5+ Qg7 39. Qb8+
Qg8 40. Qxb7 Qe8 41. Qxd5 Qe1+ 42. Bf1 Qe3+ 43. Kh1 Qf2 44. Qe5+ Kg8 45. Bc4+
Kf8 46. Qf4+ 1-0

[Event "ODJM A 2014"]
[Site "Magdeburg GER"]
[Date "2014.06.09"]
[Round "3"]
[White "Udaykumar, Arunn Mark"]
[Black "Vukojevic, Angelo"]
[Result "0-1"]
[Termination "normal"]
[Board "26"]
[WhiteElo "1767"]
[BlackElo "1448"]
[PlyCount "82"]
[WhiteFideId "12965456"]
[BlackFideId "12979546"]
[EventCountry "GER"]
[EventRounds "9"]
[EventType "swiss"]
[EventDate "2014.06.07"]

1. e4 c5 2. Nf3 Nc6 3. Nc3 g6 4. d4 cxd4 5. Nxd4 Bg7 6. Be3 Nf6 7. f3 O-O 8.
Qd2 d5 9. exd5 Nxd5 10. Nxc6 bxc6 11. O-O-O e6 12. Nxd5 exd5 13. Bh6 Qb6 14.
Bxg7 Kxg7 15. h4 h6 16. h5 g5 17. f4 g4 18. Qc3+ f6 19. Bd3 Bd7 20. Bg6 Be8 21.
f5 Bxg6 22. hxg6 Rh8 23. Rd4 h5 24. Rb4 Qc7 25. Qb3 Rab8 26. Rxb8 Rxb8 27. Qe3
Rh8 28. Kd1 Qd7 29. Qf2 d4 30. g3 c5 31. Re1 Re8 32. Rh1 Rh8 33. Qf4 c4 34. Kc1
d3 35. Rd1 Rc8 36. c3 Qc6 37. Qe3 Qc5 38. Qe6 Rc7 39. Rf1 Re7 40. Qa6 Qe3+ 41.
Kb1 Qe1+ 0-1

[Event "ODJM A 2014"]
[Site "Magdeburg GER"]
[Date "2014.06.09"]
[Round "3"]
[White "Denzer, Johannes"]
[Black "Kasel, Alexander"]
[Result "1/2-1/2"]
[Termination "normal"]
[Board "27"]
[WhiteElo "1637"]
[BlackElo "1498"]
[PlyCount "81"]
[WhiteFideId "1271724"]
[BlackFideId "12969982"]
[EventCountry "GER"]
[EventRounds "9"]
[EventType "swiss"]
[EventDate "2014.06.07"]

1. e4 c5 2. Nf3 e6 3. d4 cxd4 4. Nxd4 a6 5. Be2 Qc7 6. a3 Nf6 7. Nc3 Be7 8. Be3
d6 9. Qd2 Nbd7 10. f3 b6 11. b4 Bb7 12. Na2 O-O 13. c4 Rac8 14. O-O Qb8 15.
Rac1 Qa8 16. Nc3 Rfe8 17. Rfd1 Rc7 18. b5 a5 19. Na4 Qa7 20. Nb3 Nc5 21. Nbxc5
dxc5 22. e5 Nd7 23. Qxd7 Rxd7 24. Rxd7 Bd8 25. Rcd1 Qb8 26. f4 Kf8 27. Nc3 Bc7
28. Bf3 Bxf3 29. gxf3 Rd8 30. Rxd8+ Bxd8 31. Ne4 Qa8 32. Kg2 Bc7 33. a4 Ke7 34.
Bf2 h6 35. h4 f5 36. Nd6 Bxd6 37. Rxd6 Qb8 38. Be3 g6 39. Bf2 h5 40. Be3 Qb7
41. Bf2 1/2-1/2